| 000 | 01601nam0a2200325 4500 | ||
|---|---|---|---|
| 001 | RU\NLR\bibl\2035310 | ||
| 005 | 20260406140618.0 | ||
| 010 |
_a978-5-9658-0088-9 _9100 |
||
| 021 |
_aRU _b2013-29996 _92061 |
||
| 035 | _a(NLR Aleph) 002022820 | ||
| 090 |
_a4512813 _c4512813 |
||
| 100 | _a20130521d2011 |||y0rusy50 ca | ||
| 101 | 0 | _arus | |
| 102 | _aRU | ||
| 105 | _ay ||||||||| | ||
| 200 | 1 |
_aДинамика контекстовых форм в лирике Я.П. Полонского (от дебютной лирической книги к итоговым) _eмонография _fИ.С. Назарова _gМ-во образования и науки Рос. Федерации, ФГОУ ВПО "Омский гос. пед. ун-т" |
|
| 210 |
_aОмск _cСфера _d2011 |
||
| 215 |
_a143 с. _d20 |
||
| 320 | _aБиблиогр.: с. 124-140 (164 назв.) | ||
| 604 |
_1200#1$aПолонский$bЯ. П.$gЯков Петрович$f1819 - 1898 _12351#$aЛирика _aПолонский, Яков Петрович (1819 - 1898) _tЛирика _3RU\NLR\AUTH\661598190 _92147277 |
||
| 686 | _aШ5(2=Р)52-4Полонский | ||
| 700 | 1 |
_4070 _7ca _8rus _aНазарова _bИ. С. _cканд. филол. наук _gИрина Сергеевна _966129 _3RU\NLR\auth\7783201 |
|
| 702 | 1 |
_4570 _7ca _8rus _aПолонский _bЯ. П. _f1819-1898 _gЯков Петрович _9113102 _3RU\NLR\auth\773096 |
|
| 801 | 0 |
_aRU _bNLR _c20130521 _gRCR |
|
| 801 | 1 |
_aRU _bNLR _c20130521 |
|
| 942 | _cBOOK | ||
| 980 | _aNBR | ||
| 980 | _aNB | ||